| 000 | 00838nam a22002775a 4500 | ||
|---|---|---|---|
| 999 |
_c26438 _d26410 |
||
| 003 | EG-ScBUE | ||
| 005 | 20210309102109.0 | ||
| 008 | 150324t2015 wvu f 000 d eng d | ||
| 020 | _a9781512131932 | ||
| 040 |
_aDLC _beng _erda _cDLC _dDLC _dEG-ScBUE |
||
| 082 | 0 | 4 |
_a822.3 _bWEB _222 |
| 100 | 1 |
_aWebster, John, _d1580?-1625?, _eauthor. |
|
| 245 | 1 | 4 |
_aThe Duchess of Malfi / _cby John Webster. |
| 264 | 1 |
_a[West Virginia] : _bJefferson Publication, _c[2015] |
|
| 264 | 4 | _cc2015 | |
| 300 |
_a106 pages ; _c22 cm |
||
| 336 |
_2rdacontent _atext _btxt |
||
| 337 |
_2rdamedia _aunmediated _bn |
||
| 338 |
_2rdacarrier _avolume _bnc |
||
| 650 | 7 |
_aBrothers and sisters _vDrama. _2BUEsh _930584 |
|
| 650 | 7 |
_aRetribution _vDrama. _2BUEsh |
|
| 651 | _2BUEsh | ||
| 653 |
_bHHUUEENN _cApril2018 |
||
| 655 |
_vText book _933728 |
||
| 942 |
_2ddc _cTXT |
||